Principles of heat and mass transfer (Record no. 18410)

MARC details
000 -LEADER
fixed length control field 00737nam a2200253Ia 4500
003 - CONTROL NUMBER IDENTIFIER
control field IN-BaIIA
008 - FIXED-LENGTH DATA ELEMENTS--GENERAL INFORMATION
fixed length control field 211028s9999 xx 000 0 eng d
020 ## - INTERNATIONAL STANDARD BOOK NUMBER
International Standard Book Number 978-0-470-64615-1
040 ## - CATALOGING SOURCE
Transcribing agency IIA Library
080 ## - UNIVERSAL DECIMAL CLASSIFICATION NUMBER
Universal Decimal Classification number 536.24
Item number INC
100 ## - MAIN ENTRY--PERSONAL NAME
Personal name Incropera, Frank P
9 (RLIN) 35339
245 #0 - TITLE STATEMENT
Title Principles of heat and mass transfer
Statement of responsibility, etc. Frank P. Incropera...[et al.]
250 ## - EDITION STATEMENT
Edition statement 7th ed.
260 ## - PUBLICATION, DISTRIBUTION, ETC.
Place of publication, distribution, etc. Singapore
Name of publisher, distributor, etc. John Wiley & Sons
Date of publication, distribution, etc. 2011
300 ## - PHYSICAL DESCRIPTION
Extent xxiii, 1048p.
650 ## - SUBJECT ADDED ENTRY--TOPICAL TERM
Topical term or geographic name entry element Conduction
9 (RLIN) 35222
650 ## - SUBJECT ADDED ENTRY--TOPICAL TERM
Topical term or geographic name entry element Convection
9 (RLIN) 21799
650 ## - SUBJECT ADDED ENTRY--TOPICAL TERM
Topical term or geographic name entry element Heat transfer
9 (RLIN) 7229
650 ## - SUBJECT ADDED ENTRY--TOPICAL TERM
Topical term or geographic name entry element Mass transfer
9 (RLIN) 5001
700 ## - ADDED ENTRY--PERSONAL NAME
Personal name Bergman, Theodore L.
9 (RLIN) 35340
700 ## - ADDED ENTRY--PERSONAL NAME
Personal name Dewitt, David P.
9 (RLIN) 35341
700 ## - ADDED ENTRY--PERSONAL NAME
Personal name Lavine, Adrienne S.
9 (RLIN) 35342
942 ## - ADDED ENTRY ELEMENTS (KOHA)
Koha item type Books
Holdings
Withdrawn status Lost status Damaged status Not for loan Home library Current library Shelving location Date acquired Source of acquisition Cost, normal purchase price Total Checkouts Total Renewals Full call number Barcode Date last seen Date last checked out Cost, replacement price Price effective from Koha item type Purchase Price
        IIA Library-Bangalore IIA Library-Bangalore General Stacks 11/10/2012 ANJ 5194.00 1 4 536.24/ INC 19332 13/06/2025 13/06/2025 5194.00 11/10/2012 Books Rs. 5194.00

Powered by Koha